| 000 | 01167 a2200181 4500 | ||
|---|---|---|---|
| 020 | _a0071005102 | ||
| 020 | _a9780071005104 | ||
| 090 |
_c786 _d786 |
||
| 100 | 1 | _aJuran. | |
| 245 | 1 | 0 |
_aJuran's quality control handbook / _cJuran. |
| 260 |
_a[S.l.] : _bMcGraw-Hill Education, _c1989. |
||
| 300 | _a1 v. (unpaged) | ||
| 500 | _aUnknown Binding. | ||
| 520 | _aSince the publication of the third edition in 1974, the entire field of quality control has undergone radical change due to intensified competition and expanded government regulation. This updated fourth edition of Juran's classic guide offers the know-how you need today-and in the years ahead-to keep quality growing without increasing costs, Quality and income-quality improvement-quality costs-computerization-quality programs-marketing-Juran advises you on these issues and many more to improve quality companywide in the 1990s-from the executive suite to the factory floor. | ||
| 856 | 4 | 0 |
_3Amazon.com _uhttp://www.amazon.com/exec/obidos/ASIN/0071005102/chopaconline-20 |
| 856 | 4 | 0 |
_3Amazon customer reviews _uhttp://www.chopac.org/cgi-bin/tools/azrev.pl?q=0071005102 |
| 942 |
_aNBS _cBK _k658.562 JUR |
||
| 999 |
_c343334 _d343334 |
||